00513nam a2200157Ia 4500008004100000020001800041100001700059245004800076260002200124440003400146650003000180650001200210856004100222999001900263952007300282171212s9999 xx 000 0 und d a9781760461256 aJones, Barry cJones, BarryaDictionary of World Biography bANU E Pressc2017 aANU Lives Series in Biography aBiography -- Dictionaries aHistory uhttp://jstor.org/stable/j.ctt1rfsrst c351073d351073 001040aCLbCLd2017-12-12l0r2017-12-12 00:00:00w2017-12-12yCBE